|
|
|
|
| LEADER |
00000nam0a2200000 4500 |
| 001 |
342696 |
| 005 |
20231102005459.0 |
| 010 |
|
|
|a 9785769215902
|
| 035 |
|
|
|a (RuTPU)RU\TPU\book\371875
|
| 090 |
|
|
|a 342696
|
| 100 |
|
|
|a 20190321d2018 k y0rusy50 ca
|
| 101 |
0 |
|
|a rus
|
| 102 |
|
|
|a RU
|
| 105 |
|
|
|a a z 001zy
|
| 200 |
1 |
|
|a Депрессивные расстройства: гипотезы патогенеза и потенциальные биологические маркеры
|e [монография]
|f С. А. Иванова [и др.]
|g Томский национальный исследовательский медицинский центр Российской академии наук (ТНИМЦ)
|
| 210 |
|
|
|a Новосибирск
|c Изд-во СО РАН
|d 2018
|
| 215 |
|
|
|a 199 с.
|c ил.
|
| 300 |
|
|
|a Авт. указ на обороте тит. л.
|
| 320 |
|
|
|a Библиогр.: с. 148-196
|
| 320 |
|
|
|a Список сокращений: с. 4-6
|
| 330 |
|
|
|a В монографии освещены современные гипотезы патогенеза аффективных расстройств (моноаминовая, нейроэндокринная, гипотеза нейрогенеза и нейропластичности, эксайтотоксичности, биоритмологическая и др.). Представлены и обобщены результаты собственных исследований содержания потенциальных биомаркеров, отражающих патогенетические механизмы развития аффективных расстройств, предположительно ассоциированных с депрессией. В конце книги приводится список основной рекомендуемой отечественной и зарубежной литературы.
|
| 606 |
1 |
|
|a Депрессия
|2 stltpush
|3 (RuTPU)RU\TPU\subj\78781
|9 87871
|
| 610 |
1 |
|
|a депрессивные расстройства
|
| 610 |
1 |
|
|a патогенез
|
| 610 |
1 |
|
|a гипотезы
|
| 610 |
1 |
|
|a нейротрансмиттерные системы
|
| 610 |
1 |
|
|a дисфункции
|
| 610 |
1 |
|
|a нейрогенез
|
| 610 |
1 |
|
|a нейропластичность
|
| 610 |
1 |
|
|a нарушение
|
| 610 |
1 |
|
|a аффективные расстройства
|
| 610 |
1 |
|
|a внутриклеточные протеинкиназы
|
| 610 |
1 |
|
|a иммуновоспаление
|
| 610 |
1 |
|
|a цитокины
|
| 610 |
1 |
|
|a монографии
|
| 675 |
|
|
|a 616.8
|v 4
|
| 701 |
|
1 |
|a Иванова
|b С. А.
|g Светлана Александровна
|
| 701 |
|
1 |
|a Лосенков
|b И. С.
|g Иннокентий Сергеевич
|
| 701 |
|
1 |
|a Левчук
|b Л. А.
|g Людмила Александровна
|
| 701 |
|
1 |
|a Бойко
|b А. С.
|g Анастасия Сергеевна
|
| 701 |
|
1 |
|a Вялова
|b Н. М.
|g Наталья Михайловна
|
| 712 |
0 |
2 |
|a Томский национальный исследовательский медицинский центр Российской академии наук (ТНИМЦ)
|c (2016- )
|2 stltpush
|3 (RuTPU)RU\TPU\col\25619
|
| 801 |
|
1 |
|a RU
|b 63413507
|c 20190321
|
| 801 |
|
2 |
|a RU
|b 63413507
|c 20190415
|g RCR
|
| 942 |
|
|
|c BK
|